000 00518nam a2200205Ia 4500
003 GCL
008 140319s9999 xx 000 0 eng d
040 _aGCL /
_cGCL
082 0 4 _a923
_bT F
100 1 _aTESSON, THIERRY
245 1 0 _aFERDINAND DE LESSEPS /
_cTESSON, THIERRY
260 _a[S.N] :
_bJEAN CLAUDE LATTES ،
_c1992
300 _a223 P
650 0 4 _aBIOGRAPHY
650 0 4 _aSUEZ CANAL
650 0 4 _aPOLITICIANS
650 0 4 _aEGYPT - HISTORY
650 0 4 _aDE LESSEPS, FERDINAND
942 _2ddc
_cBK
999 _c14831
_d14831